| 000 | 00000nam##2200000za#4500 |
| 001 | 9.699395 |
| 003 | CaOODSP |
| 005 | 20250506145324 |
| 007 | cr ||||||||||| |
| 008 | 150407|1975||||xxc|||||o f|0| 0 eng|d |
| 040 | |aCaOODSP|beng |
| 043 | |an-cn--- |
| 086 | 1 |aA73-1362/1975E-PDF |
| 110 | 1 |aCanada.|bAgriculture Canada. |
| 245 | 10|aHow to grade furs / |h[electronic resource]|c[by] Terence Ruttle. |
| 260 | |aOttawa - Ontario : |bAgriculture Canada |c1968, reprinted 1975, c1975. |
| 300 | |a96p.|bphotographs |
| 500 | |aHistorical publication digitized by Agriculture and Agri-Food Canada. |
| 590 | |a14-11-Supp|b2014-05-21 |
| 690 | 07|aFurs|2gcpds |
| 775 | 08|tLe classement des fourrures / |w(CaOODSP)9.643383 |
| 856 | 40|ahttp://publications.gc.ca|qPDF|s6.9 MB|uhttps://publications.gc.ca/collections/collection_2014/aac-aafc/agrhist/A73-1362-1975-eng.pdf |
| 986 | |a1362 |